Quizzes
Events
Quiz Creation
Community
Videos
Private Events
Remove Ads
Sign In
Join for FREE
Feedback
Dark Mode
Quiz Categories
Sports
Geography
Music
Movies
Television
Just For Fun
Miscellaneous
History
Literature
Language
Science
Gaming
Entertainment
Religion
Holiday
For Kids
Quiz Lab
Recent
Popular Today
Quiz Kudos Today
Editor Picks
Curator Picks
Quizzes by...
Day
Popularity
Type
Ratings
Length
Year
Community
Subscriptions
Recent Discussions
Orange Saloon
Badges
Playlists
Quests
Create
Leaderboards
Showdown
Live 5
Trivia Bingo
Activity
Puzzle Library
Sporcle Events
Private Events
Virtual Trivia
Globe League
Become a Host
Pub Owners
SporcleCon
Opinionation
Our Games
Videos
Blog
Mobile Apps
Partnerships
Remove Ads and Go Orange
Feedback
Religion
Mythology
Religious Music
World Religions
Bible
Christianity
Catholicism
Judaism
Church
Scripture
Islam
Verse
Religion
Mythology
Religious Music
World Religions
Bible
Christianity
Catholicism
Judaism
Church
Scripture
Islam
Verse
Random Quiz
Search Sporcle
×
Quiz Lab
Quiz Lab
Religion
Bible
Type in answers that appear in a list
Type in answers that appear in a list
Classic
Best Score? Go Orange.
Names of persons of the bible Stats
Can you name the names of persons out of the bible?
By
guido17
4m
20 Questions
565 Plays
565 Plays
565 Plays
Comments
Comments
Give Quiz Kudos
Give Quiz Kudos
-
- Ratings
hide this ad
Forced Order
Answers have to be entered in order
Answers have to be entered in order
Random Order
Randomize order of answers
Randomize order of answers
Replay
Link that replays current quiz
Next Quiz
Link to next quiz in quiz playlist
You Got
0%
They Got
Avg Score
65%
Avg Friend Score
Upgrade to see
Score Distribution
Jump to the score distribution portion of the page
Score
0/20
Timer
04:00
0
Plays Today
Description
Name
% Correct
He built a huge ark to carry 8 people and animals
Noah
91.1%
Son of a carpenter, rose on the third day after his death
Jesus
89.2%
He lost his power of cutting of his hair
Samson
84%
He was the first biblical murderer
Kain
82.3%
He gave names to lots of animals
Adam
80.1%
Jesus calls him 'the rock' on which He builds His Church
Peter
79.8%
He wrote most Psalms
David
77.5%
She was very busy while her sister Mary stays at the feet of Jesus
Martha
68.3%
She is the mother of John the Baptist
Elizabeth
67.9%
Famous for eating locusts and wild honey in the wilderness
John the baptist
67.9%
Description
Name
% Correct
Satan challenges his integrity, proposing to God that he serves Him just for His protection.
Job
67%
Under his command the Jews entered the promised land
Josua
64.2%
He refuses to worship a golden statue made by Nebuchadnezzar
Daniel
62.6%
He anointed the first two kings of the Kingdom of Israel: King Saul and King David
Samuel
57.4%
He was the nephew of the patriarch Abraham
Lot
55.9%
He was the insurrectionary whom Pontius Pilate freed at the Passover feast in Jerusalem
Barabbas
53%
After passing the Red Sea, she sang a song
Miriam
50.7%
He was the grandfather of Solomon
Jesse
48.2%
He climbed in a sycamore tree to see Jesus
Zacchaeus
31.6%
His daughter rose from the death with the words 'Little girl, I say to you, get up!'
Jairus
20.9%
Quiz Playlist
Details
Report
Send in Message
Add To Playlist
Classic:
Type in answers that appear in a list
Forced Order:
Answers have to be entered in order
Random Order:
Randomize order of answers
Quiz Source
Last Updated: Apr 22, 2017
Quiz Scoreboard
CHALLENGE
Sign Up to Join the Scoreboard
Show All
Scores
Hide
Comments
May contain spoilers
Recently Published
College Basketball Coaching Resumes
by pancakes188
Sports
9m
Billboard Blitz: Fleetwood Mac
by CooCooCachoo
Music
15s
Presidents Visiting Landmarks
by Hejman
History
7m
More to Explore
Quiz From the Vault
Featured Blog Post
Where Did the Easter Bunny Come From?
hide this ad
You Might Also Like...
Tags
Bible Quiz
description
Person
Today's Top Quizzes in Religion
Browse Religion
hide this ad
Today's Top Quizzes in Bible
Browse Bible
Top Contributed Quizzes in Religion
1
5-to-1: Children of Gods
2
5-to-1: European Churches
3
One Thing in Common: Mythology
4
10 to 1: Islam
5
One Thing in Common: Mythology II
6
Prime Time: Religion
7
Order Up: Seven Last Words of Christ
8
One Thing in Common: Religion
9
One Thing in Common: Religion and Mythology
10
Religion Who Wants To Be A Millionaire
Explore More
Trending Topics
Disney
Anime
NBA
Marvel
Harry Potter
Kpop
Crossword
NFL
Puzzle
Song
Soccer
Pokémon
Country
WWE
The Office
hide this ad
More By:
guido17
Quiz
Plays
Rating
Category
Featured
Created
12 provinces of The Netherlands
1,556
3.60
Geography
Sep 29, 2009
Dutch soccer teams
903
2.20
Sports
Sep 23, 2009
Dutch monopoly streets
754
5.00
Gaming
Nov 5, 2009
Countries with capital not biggest city
737
3.70
Geography
Nov 19, 2009
25 Cities in The Netherlands
684
3.50
Geography
Sep 23, 2009
Go to Creator's Profile
Score Distribution
Quiz Creator Spotlight
guido17
Follow
Send a Message
Quizzes Created
-
Created Quiz Play Count
-
More By This Creator
Popular Quizzes Today
1
Find the US States - No Outlines Minefield
2
Find the Countries of Europe - No Outlines Minefield
3
The Countries of the World
4
Find the US States
5
Risky Map Clicking: Biggest States A-Z
6
US States
7
Popular People in 1961
8
Movies - When Are They Set?
More Religion Quizzes
Religion Profile: Islam
Editor's Pick
Trending Quizzes
Risky Map Clicking: Least Populous States A-Z
1-10 Letter G Words
1-10 Letter F Words
Risky Map Clicking: Next State Alphabetically
Click the Washington State Counties! (Map)
Recently Updated
Leaping Animals
pecheneg
Reality TV Shows (A-Z)
bhenderson79
Rickey Henderson's Hall of Fame Teammates
pecheneg
Champions League XIs: Arsenal
pecheneg
Quick Pick: Celebrities in WWE's Hall of Fame
aduchscher
A-Z Keypad Blitz II
pecheneg
Multiple Oscar Actors
pecheneg
Mystery Phrase Blitz: Oscar 'Best Actors'
pecheneg
F. Scott Fitzgerald Novels
LTH
Pick 3 Villains
ddd62291
Trending Topics
NBA
Anime
Disney
Harry Potter
Kpop
Crossword
Marvel
Pokémon
WWE
Soccer
Country
The Office
NFL
Song
Puzzle
Your Account Isn't Verified!
In order to create a playlist on Sporcle, you need to verify the email address you used during registration. Go to your
Sporcle Settings
to finish the process.
Report this User
Report this user for behavior that violates our
Community Guidelines
.
Details:
Send Report
Go to the Sporcle.com Mobile Site →
Comments